Statistics for MLB All-Star Game MVPs

Click here to take the quiz!

General Stats

  • This quiz has been taken 1,191 times
    (159 since last reset)
  • The average score is 14 of 62

Answer Stats

HintAnswer% Correct
2014Mike Trout
63%
2015Mike Trout
63%
2000Derek Jeter
56%
1973Bobby Bonds
54%
2022Giancarlo Stanton
51%
1992Ken Griffey Jr.
49%
1980Ken Griffey Sr.
49%
1991Cal Ripken Jr.
47%
2001Cal Ripken Jr.
47%
2023Elias Diaz
47%
2021Vladimir Guerrero Jr.
46%
1989Bo Jackson
41%
1999Pedro Martinez
40%
1986Roger Clemens
29%
2007Ichiro Suzuki
28%
2012Melky Cabrera
28%
1963Willie Mays
28%
1968Willie Mays
28%
1966Brooks Robinson
27%
1971Frank Robinson
27%
2013Mariano Rivera
23%
1970Carl Yastrzemski
22%
1981Gary Carter
22%
1984Gary Carter
22%
1972Joe Morgan
22%
2011Prince Fielder
22%
1983Fred Lynn
19%
1996Mike Piazza
19%
1967Tony Perez
19%
2018Alex Bregman
18%
1979Dave Parker
18%
2019Shane Bieber
18%
1976George Foster
17%
2006Michael Young
17%
1998Roberto Alomar
15%
2017Robinson Cano
15%
1997Sandy Alomar Jr.
15%
1969Willie McCovey
15%
2003Garret Anderson
14%
1993Kirby Puckett
14%
2005Miguel Tejada
14%
2004Alfonso Soriano
13%
2009Carl Crawford
13%
2016Eric Hosmer
13%
1994Fred McGriff
12%
1987Tim Raines
12%
1962Leon Wagner
10%
1978Steve Garvey
10%
1974Steve Garvey
10%
1990Julio Franco
9%
1988Terry Steinbach
9%
2008J.D. Drew
8%
2010Brian McCann
6%
1977Don Sutton
6%
1995Jeff Conine
6%
1962Maury Wills
6%
1975Bill Madlock
5%
1982Dave Concepcion
5%
1964Johnny Callison
5%
1975Jon Matlack
5%
1965Juan Marichal
5%
1985LaMarr Hoyt
5%

Score Distribution

Percentile by Number Answered

Percent of People with Each Score

Your Score History

You have not taken this quiz since the last reset